Superconductivity and its applications, Buffalo, NY, 1990 / (Record no. 12300)

MARC details
000 -LEADER
fixed length control field 01549nam a2200349 i 4500
001 - CONTROL NUMBER
control field 3908245
003 - CONTROL NUMBER IDENTIFIER
control field EG-ScBUE
005 - DATE AND TIME OF LATEST TRANSACTION
control field 20250624083925.0
008 - FIXED-LENGTH DATA ELEMENTS--GENERAL INFORMATION
fixed length control field 910117t1991 nyua f b 101 0 eng
020 ## - INTERNATIONAL STANDARD BOOK NUMBER
International Standard Book Number 088318835X
040 ## - CATALOGING SOURCE
Original cataloging agency EG-ScBUE
Language of cataloging eng
Description conventions rda
Transcribing agency EG-ScBUE
Modifying agency EG-ScBUE
082 04 - DEWEY DECIMAL CLASSIFICATION NUMBER
Classification number 537.623
Edition number 22
Item number SUP
245 00 - TITLE STATEMENT
Title Superconductivity and its applications, Buffalo, NY, 1990 /
Statement of responsibility, etc editors, Yi-Han Kao, Philip Coppens & Hoi-Sing Kwok, University of New York, Buffalo.
264 #1 - PUBLICATION, DISTRIBUTION, ETC. (IMPRINT)
Place of publication, distribution, etc New York :
Name of publisher, distributor, etc American Institute of Physics,
Date of publication, distribution, etc [1991]
264 #4 - PUBLICATION, DISTRIBUTION, ETC. (IMPRINT)
Date of publication, distribution, etc c1991
300 ## - PHYSICAL DESCRIPTION
Extent xi, 713 pages :
Other physical details illustrations, charts ;
Dimensions 25 cm.
336 ## - CONTENT TYPE
Source rdacontent
Content type term text
Content type code txt
337 ## - MEDIA TYPE
Media type term unmediated
Source rdamedia
Media type code n
338 ## - CARRIER TYPE
Carrier type term volume
Carrier type code nc
Source rdacarrier
490 0# - SERIES STATEMENT
Series statement AIP conference proceedings ;
Volume number/sequential designation 219
500 ## - GENERAL NOTE
General note Papers from the Fourth Annual Conference on Superconductivity and Applications organized by the New York State Institute on Superconductivity and held at the Buffalo Hilton Hotel on 18-20 September 1990.
504 ## - BIBLIOGRAPHY, ETC. NOTE
Bibliography, etc Includes bibliographical references and index.
650 #7 - SUBJECT ADDED ENTRY--TOPICAL TERM
Topical term or geographic name as entry element Superconductivity
General subdivision Congresses.
9 (RLIN) 7874
Source of heading or term BUEsh
650 #7 - SUBJECT ADDED ENTRY--TOPICAL TERM
Topical term or geographic name as entry element High temperature superconductors
General subdivision Congresses.
9 (RLIN) 7875
Source of heading or term BUEsh
650 #7 - SUBJECT ADDED ENTRY--TOPICAL TERM
Topical term or geographic name as entry element Thin films
General subdivision Congresses.
9 (RLIN) 7876
Source of heading or term BUEsh
655 ## - INDEX TERM--GENRE/FORM
Form subdivision Reading book
700 1# - ADDED ENTRY--PERSONAL NAME
Personal name Kao, Yi-Han,
Dates associated with a name 1931-
9 (RLIN) 7877
Relator term editor.
700 1# - ADDED ENTRY--PERSONAL NAME
Personal name Coppens, Philip,
9 (RLIN) 7878
Relator term editor.
700 1# - ADDED ENTRY--PERSONAL NAME
Personal name Kwok, Hoi S.,
9 (RLIN) 7879
Relator term editor.
711 2# - ADDED ENTRY--MEETING NAME
Meeting name or jurisdiction name as entry element Conference on Superconductivity and Applications
Number of part/section/meeting (4th :
Date of meeting 1990 :
Location of meeting Buffalo, N.Y.)
9 (RLIN) 7881
942 ## - ADDED ENTRY ELEMENTS (KOHA)
Source of classification or shelving scheme Dewey Decimal Classification
Koha item type Book - Borrowing
Holdings
Withdrawn status Lost status Source of classification or shelving scheme Damaged status Not for loan Collection code Home library Current library Shelving location Date acquired Source of acquisition Cost, normal purchase price Serial Enumeration / chronology Total Checkouts Full call number Barcode Date last seen Koha item type
    Dewey Decimal Classification     Alahram Central Library Central Library First floor 09/07/2009 Purchase 419.40 72   537.623 SUP 000017464 15/07/2025 Book - Borrowing